|
|
|
|
| LEADER |
00000nam0a2200000 4500 |
| 001 |
258518 |
| 005 |
20231101233314.0 |
| 020 |
|
|
|a RU
|b 87-80612
|
| 035 |
|
|
|a (RuTPU)RU\TPU\book\281386
|
| 090 |
|
|
|a 258518
|
| 100 |
|
|
|a 20140425d1987 k a0rusy5003 ca
|
| 101 |
0 |
|
|a rus
|
| 102 |
|
|
|a EE
|
| 105 |
|
|
|a a z 101zy
|
| 200 |
1 |
|
|a Люминесценция молекул и кристаллов
|e Всесоюзное совещание, Таллин, 27-29 октября 1987 г., тезисы докладов
|f Академия наук СССР (АН СССР) ; под ред. А. И. Лайсаара
|
| 210 |
|
|
|a Таллин
|c Изд-во ИФ
|d 1987
|
| 215 |
|
|
|a 222 с.
|c ил.
|
| 320 |
|
|
|a Библиогр. в конце докл.
|
| 606 |
1 |
|
|a Молекулы
|x Люминесценция
|2 stltpush
|3 (RuTPU)RU\TPU\subj\44286
|
| 606 |
1 |
|
|a Кристаллы
|x Люминесценция
|2 stltpush
|3 (RuTPU)RU\TPU\subj\16355
|9 42445
|
| 610 |
1 |
|
|a совещания
|
| 610 |
1 |
|
|a эмиссия
|
| 610 |
1 |
|
|a микрокристаллы
|
| 610 |
1 |
|
|a генерация
|
| 675 |
|
|
|a 535.37(063)
|z rus
|
| 675 |
|
|
|a 548.0:535(063)
|z rus
|
| 702 |
|
1 |
|a Лайсаар
|b А. И.
|4 340
|
| 712 |
0 |
2 |
|a Академия наук СССР (АН СССР)
|2 stltpush
|3 (RuTPU)RU\TPU\col\722
|
| 712 |
1 |
2 |
|a Люминесценция молекул и кристаллов
|c совещание
|e Таллин
|f 1987
|
| 801 |
|
0 |
|a RU
|b RuMRKP
|c 19950417
|g psbo
|
| 801 |
|
1 |
|a RU
|b 63413507
|c 20140425
|
| 801 |
|
2 |
|a RU
|b 63413507
|c 20200917
|g RCR
|
| 942 |
|
|
|c BK
|